| 000 | 00476nam a2200169Ia 4500 | ||
|---|---|---|---|
| 008 | 241115s9999 xx 000 0 und d | ||
| 020 | _a978-969-494-671-9 | ||
| 082 | _a425 MAR | ||
| 100 | _aWren, P. C. | ||
| 245 | 0 | _aHigh School English Grammar and Composition Martin, Wren P. C. | |
| 250 | _aNA | ||
| 260 |
_aKarachi: _bParamount Publishing Enterprise, _c2010 |
||
| 300 | _aviii,418p. | ||
| 600 | _aHumanities & Natural Science | ||
| 650 | _aLiterature | ||
| 942 | _cBBD | ||
| 999 |
_c26604 _d26604 |
||